Painting of the High Renaissance in Rome and Florence / (Record no. 20349)
[ view plain ]
| 000 -LEADER | |
|---|---|
| fixed length control field | 00940nam a2200265 a 4500 |
| 001 - CONTROL NUMBER | |
| control field | 20349 |
| 003 - CONTROL NUMBER IDENTIFIER | |
| rucl marc code | BD-RjUL |
| 005 - DATE AND TIME OF LATEST TRANSACTION | |
| control field | 20211209000544.0 |
| 008 - FIXED-LENGTH DATA ELEMENTS--GENERAL INFORMATION | |
| fixed length control field | 140227s1961 enkf b 00100 eng d |
| 035 ## - SYSTEM CONTROL NUMBER | |
| System control number | (BD-RjUL)20411 |
| 040 ## - CATALOGING SOURCE | |
| Original cataloging agency | ANL |
| Language of cataloging | eng |
| Transcribing agency | ANL |
| Modifying agency | ANL |
| -- | BD-RjUL |
| 041 ## - LANGUAGE CODE | |
| Language code of text/sound track or separate title | eng |
| 082 0# - DEWEY DECIMAL CLASSIFICATION NUMBER | |
| Classification number | 759.5 |
| Edition number | 20 |
| Author mark and year | FRP V-2 1961 |
| 100 1# - MAIN ENTRY--PERSONAL NAME | |
| Personal name | Freedberg, S. J. |
| Fuller form of name | (Sydney Joseph), |
| Dates associated with a name | 1914- |
| 9 (RLIN) | 62707 |
| 245 10 - TITLE STATEMENT | |
| Title | Painting of the High Renaissance in Rome and Florence / |
| Statement of responsibility, etc. | S.J. Freedberg. |
| Number of part/section of a work | Volume 2 |
| 260 ## - PUBLICATION, DISTRIBUTION, ETC. (IMPRINT) | |
| Place of publication, distribution, etc. | Cambridge, Mass. : |
| Name of publisher, distributor, etc. | Harvard U.P., |
| Date of publication, distribution, etc. | 1961. |
| 300 ## - PHYSICAL DESCRIPTION | |
| Pagination | xxxiii, 514 : |
| Illustrations | ill. ; |
| Size | 26 cm. |
| 504 ## - BIBLIOGRAPHY, ETC. NOTE | |
| Bibliography, etc | Includes bibliographical references and index. |
| 650 #0 - SUBJECT ADDED ENTRY--TOPICAL TERM | |
| Topical term or geographic name as entry element | Painting, Renaissance |
| Geographic subdivision | Italy |
| -- | Rome. |
| 9 (RLIN) | 62708 |
| Topical term or geographic name as entry element | Painting, Renaissance |
| Geographic subdivision | Italy |
| -- | Florence. |
| 9 (RLIN) | 62709 |
| Topical term or geographic name as entry element | Painting, Italian. |
| 9 (RLIN) | 62710 |
| Topical term or geographic name as entry element | Art, Renaissance |
| Geographic subdivision | Italy |
| -- | Rome. |
| 9 (RLIN) | 62711 |
| Topical term or geographic name as entry element | Art, Renaissance |
| Geographic subdivision | Italy |
| -- | Florence. |
| 9 (RLIN) | 62712 |
| 942 ## - ADDED ENTRY ELEMENTS (KOHA) | |
| Source of classification or shelving scheme | Dewey Decimal Classification |
| Koha item type | Books |
| Lost status | Source of classification or shelving scheme | Damaged status | Not for loan | Collection code | Permanent Location | Current Location | Shelving location | Date acquired | Source of acquisition | Cost, normal purchase price | Total Checkouts | Full call number | Date last seen | Copy number | Koha item type |
|---|---|---|---|---|---|---|---|---|---|---|---|---|---|---|---|
| Dewey Decimal Classification | Not For Loan | Non-fiction | Central Library, University of Rajshahi | Central Library, University of Rajshahi | Reading Room | 13/06/1969 | Zeitlinger | 285.00 | 759.5 FRP V-2 1961 | 27/02/2014 | C-1 | Books |